La montaña y su gente: v año de educación básica
Este libro nos muestra cuales son los factores que constituyen un ecosistema de montaña y su relación con las actividades humanas, además de como proteger el medio ambiente para lograr la prevención de desastres.
Guardat en:
| Autor principal: | |
|---|---|
| Altres autors: | , |
| Format: | Llibre |
| Idioma: | Spanish |
| Publicat: |
Bogotá:
Ministerio de Desarrollo ; UPN,
1990?
|
| Col·lecció: | Proyecto de Educación Ambiental en Prevención de Desastres
|
| Matèries: | |
| Accés en línia: | Enlace del recurso |
| Etiquetes: |
Afegir etiqueta
Sense etiquetes, Sigues el primer a etiquetar aquest registre!
|
MARC
| LEADER | 00000nam a2200000 a 4500 | ||
|---|---|---|---|
| 001 | 000850 | ||
| 008 | 030409q1990 ck a fr# #000|0#spa#d | ||
| 041 | 0 | |a spa | |
| 043 | |a s-ck--- | ||
| 082 | 0 | 4 | |a 370.115 |b T142m |
| 100 | 1 | |a Talero de Husain, Elsa Leonor | |
| 245 | 1 | 3 | |a La montaña y su gente: |b v año de educación básica |c Elsa Leonor Talero de Husain, Gloria Umaña de Gauthier, Gilma Chávez |
| 260 | |a Bogotá: |b Ministerio de Desarrollo ; UPN, |c 1990? | ||
| 300 | |a 85 p.: |b il., gráf. | ||
| 440 | 0 | |a Proyecto de Educación Ambiental en Prevención de Desastres | |
| 520 | 3 | |a Este libro nos muestra cuales son los factores que constituyen un ecosistema de montaña y su relación con las actividades humanas, además de como proteger el medio ambiente para lograr la prevención de desastres. | |
| 650 | 1 | 4 | |a EDUCACIÓN AMBIENTAL |z COLOMBIA |
| 650 | 1 | 4 | |a PROTECCIÓN DEL MEDIO AMBIENTE |
| 700 | 1 | |a Umaña de Gauthier, Gloria | |
| 700 | 1 | |a Chávez, Gilma | |
| 999 | |c 3002 |d 3002 | ||
| 856 | |u https://catalogo.idep.edu.co/cgi-bin/koha/opac-detail.pl?biblionumber=3002 |z Enlace del recurso | ||